Základné makroekonomické rámce vývoja slovenskej ekonomiky v roku 2011

Enregistré dans:
Détails bibliographiques
Auteur principal: Autner, Rudolf
Autres auteurs: Čambalová, Andrea, Ochotnický, Pavol
Format: Livre
Langue:slovaque
Publié: Bratislava Slovenská obchodná a priemyselná komora 2011
Édition:COM(2011)
Sujets:
Tags: Ajouter un tag
Pas de tags, Soyez le premier à ajouter un tag!

MARC

LEADER 00000nam a2200000 4500
001 0145637
005 20240502072627.4
041 0 |a slo 
044 |a SK 
245 1 0 |a Základné makroekonomické rámce vývoja slovenskej ekonomiky v roku 2011  |c Rudolf Autner, Andrea Čambalová, Pavol Ochotnický 
250 |a COM(2011) 
264 1 |a Bratislava  |b Slovenská obchodná a priemyselná komora  |c 2011 
500 |a Seminár SOPK 
610 2 0 |a vývoj hospodársky 
610 2 0 |a prognózy hospodárske 
610 2 0 |a výkonnosť ekonomiky 
610 2 0 |a dopyt spotrebiteľský 
610 2 0 |a trh práce 
610 2 0 |a obchod zahraničný 
610 2 0 |a politika menová 
610 2 0 |a trh finančný 
610 2 0 |a politika fiškálna 
610 2 0 |a prostredie podnikateľské 
610 2 0 |a prieskum potrieb 
610 2 0 |a Slovensko 
610 2 0 |a Európska únia 
100 1 |a Autner, Rudolf 
700 1 |a Čambalová, Andrea 
700 1 |a Ochotnický, Pavol